| 000 | 00326nam a22001457a 4500 | ||
|---|---|---|---|
| 082 |
_a535 _bMIN |
||
| 100 | _aMinhaj-Ud-Din | ||
| 245 | _aLight | ||
| 250 | _a1st | ||
| 260 |
_aLahore _bUmar Draz _c1950 |
||
| 300 |
_avi, 232. p: _c21cm |
||
| 526 |
_a0 _b0 _c0 _d535_000000000000000_MIN |
||
| 650 |
_aMCE _9379 |
||
| 942 |
_2ddc _cBK |
||
| 999 |
_c544434 _d544434 |
||